000 00743nam a2200253 i 4500
001 C2-0263132
003 PPAK
005 20180727232003.0
008 050314s2005 nyua|||| ||||| | eng d
020 _a0762104945
040 _aPPAK
_beng
_cPPAK
_erda
082 0 4 _a793.73
_223
090 0 0 _a793.73
_bGUT
_dR
100 1 _aGuthrie, Jackie,
_eauthor
245 1 0 _aImprove your brain power :
_b400 games, puzzles and teasers to unlock your mind
264 1 _aNew York :
_bThe Reader's Digest Association ,
_c2005
300 _a256 pages :
_bcolour illustrations ;
_c29 cm
336 _2rdacontent
_atext
337 _2rdamedia
_aunmediated
338 _2rdacarrier
_avolume
650 1 0 _aPuzzles.
700 _eauthor
942 _ddc
_cB
999 _c73366
_d73366